| 000 | 00566nam a22001817a 4500 | ||
|---|---|---|---|
| 003 | OSt | ||
| 008 | 260624b |||||||| |||| 00| 0 eng d | ||
| 020 | _a9789353870003 | ||
| 082 |
_a334.7 _bA17S |
||
| 245 | _aSelf Help Group The Income Enterprise & Ecology / by S.K. Acharya...[et al.] | ||
| 260 |
_aDelhi : _bSatish Serial Publishing House, _c2020. |
||
| 300 | _axi, 89 p. | ||
| 650 | _aSocial Sciences | ||
| 650 | _aCo-operatives | ||
| 650 | _aCo-operative societies for mutual assistance / Self-help groups | ||
| 700 | _aAcharya, S.K. | ||
| 942 |
_2ddc _cBK |
||
| 999 |
_c52274 _d52274 |
||